Normal view
MARC view
- الاسرة-المجتمع الاسلامي-الاسلام
Entry Topical Term
001 - CONTROL NUMBER
- control field: 63134
003 - CONTROL NUMBER IDENTIFIER
- control field: JO-AjAnu
005 - DATE AND TIME OF LATEST TRANSACTION
- control field: 20230606084316.0
008 - FIXED-LENGTH DATA ELEMENTS
- fixed length control field: 230606|| aca||aabn | a|a d
040 ## - CATALOGING SOURCE
- Original cataloging agency: JO-AjAnu
- Transcribing agency: JO-AjAnu
150 ## - HEADING--TOPICAL TERM
- Topical term or geographic name entry element: الاسرة-المجتمع الاسلامي-الاسلام
670 ## - SOURCE DATA FOUND
- Source citation: Work cat.: (JO-AjAnu)32189: بني سلامة، محمد خلف، م مشارك خلوق ضيف الله آغا, author 63133, نظام الاسرة والمجتمع في الاسلام